| 000 | 00750cam a2200217 a 4500 | ||
|---|---|---|---|
| 020 | _a0471295388 (alk. paper) | ||
| 040 | _cDLC | ||
| 082 | 0 | 0 | _a973 JWI 1998 A099 Or. |
| 100 | 1 | _aObst, David. | |
| 245 | 1 | 0 |
_aToo good to be forgotten : _bchanging America in the '60s and '70s / |
| 260 |
_aNew York : _bJ. Wiley & Sons, _cc1998. |
||
| 300 |
_av, 282 p. : _bill. ; _c24 cm. |
||
| 500 | _aIncludes index. | ||
| 650 | 0 | _aVietnam War, 1961-1975. | |
| 650 | 0 | _aWatergate Affair, 1972-1974. | |
| 650 | 0 | _aJournalists | |
| 856 | 4 | _uhttp://www.loc.gov/catdir/toc/onix04/98008720.html | |
| 856 | 4 | 2 | _uhttp://www.loc.gov/catdir/enhancements/fy0706/98008720-b.html |
| 856 | 4 | 2 | _uhttp://www.loc.gov/catdir/enhancements/fy0706/98008720-d.html |
| 942 | _cEK | ||
| 999 |
_c11891 _d11891 |
||